000 00439nam a2200157 i 4500
001 bg
100 1 _aKLIMECKI, Wojciech
245 0 _aTermodynamiczne podstawy fizykochemii metali /
_cWojciech Klimecki, Wanda Jagiełło-Puczka.
250 _aWyd.2 popr. i uzup.
260 _aCzęstochowa,
_c1974.
700 1 _aJAGIEŁŁO-PUCZKA, Wanda
040 _cBPK
041 _apol
942 _cKS
008 s pl f |000 0 pol
999 _c26433
_d26433
856 _uhttp://koha.tu.koszalin.pl/cgi-bin/koha/opac-detail.pl?biblionumber=26433
_yKatalog online BPK